| 000 | 01054nam a22002415a 4500 | ||
|---|---|---|---|
| 005 | 20160322103713.0 | ||
| 008 | 160322s2008 enk fr 001 0 eng d | ||
| 020 | _a9780853696995 | ||
| 040 |
_aEG-ScBUE _beng _cEG-ScBUE |
||
| 082 | 0 | 4 |
_a615.1076 _bBUK _222 |
| 100 | 1 |
_aBukhari, Nadia. _939623 |
|
| 245 | 1 | 0 |
_aRegistration exam questions / _cNadia Bukhari. |
| 250 | _a1st ed. | ||
| 260 |
_aLondon : _bPharmaceutical Press / RPS Publishing, _c2008. |
||
| 300 |
_axv, 140 p. ; _c22 cm. |
||
| 490 | 0 |
_aTomorrow's pharmacist ; _v2 |
|
| 500 | _aIndex : p. 135-140. | ||
| 520 | _aUK pharmacy trainees must take the registration exam at the end of the pre-registration year in order to practice pharmacy in Great Britain. Written by a former question writer for the Society Registration exam, this work contains over 400 open and closed-book questions with descriptive answers, giving the reasoning behind the answers. | ||
| 650 | 7 |
_aPharmacy _vExaminations, questions, etc. _2BUEsh _939624 |
|
| 651 | _2BUEsh | ||
| 653 |
_bPPhrm _cMarch2016 |
||
| 942 | _2ddc | ||
| 999 |
_c21470 _d21442 |
||